[Event "Open"]
[Site "Pamplona ESP"]
[Date "2002.12.23"]
[Round "4"]
[White "Rada Equiza,M"]
[Black "Korneev,O"]
[Result "0-1"]
[WhiteElo "2134"]
[BlackElo "2551"]

1.e4 c5 2.Nf3 e6 3.d4 cxd4 4.Nxd4 a6 5.Nc3 Qc7 6.Bd3 Nc6 7.Be3 Nf6 8.O-O Ne5
9.h3 Bc5 10.Kh1 d6 11.Qe1 Bd7 12.f4 Ng6 13.Nf3 Bxe3 14.Qxe3 Qc5 15.Qxc5 dxc5
16.g3 Bc6 17.Kh2 c4 18.Bxc4 Nxe4 19.Nxe4 Bxe4 20.Ng5 Bc6 21.Rae1 Rd8 22.f5 Rd2+
23.Re2 Rxe2+ 24.Bxe2 exf5 25.Rxf5 f6 26.Nf3 Ke7 27.Nd4 Rd8 28.Nxc6+ bxc6
29.Bxa6 Rd2+ 30.Kg1 Rxc2 31.Rf2 Rc1+ 32.Rf1 Rc5 33.Bd3 Ne5 34.Bxh7 Rb5 35.Rf2 g6
36.Bg8 Rb8 37.Bb3 c5 38.Re2 Rb4 39.g4 c4 40.Bd1 Kd6 41.Rc2 Kd5 42.b3 Kd4
43.Rd2+ Ke3 44.Re2+ Kf4 45.Kg2 c3 46.Bc2 Rd4 47.a4 Nc6 48.Bxg6 Nb4 49.Kf2 Nd3+
50.Bxd3 Rxd3 51.h4 Rh3 52.Kg2 Rd3 53.Kf2 Rh3 54.Kg2 Rxh4 55.Re8 Rxg4+ 56.Kf2 Rh4
57.Kg2 Rg4+ 58.Kf2 Rg3 59.Rc8 Rh3 60.Rc4+ Ke5 61.a5 c2 62.a6 Rh1 63.a7 Ra1
64.Rxc2 Rxa7 65.Ke3 Rb7 66.Rc3 Rb4 67.Kf3 Kf5 68.Ke3 Kg5 69.Kf3 f5 70.Kg3 Rb8
71.Rd3 Kf6 72.Re3 Rb7 73.Kf3 Rb4 74.Rc3 Rh4 75.Kg3 Kg5 76.Rc8 Rg4+ 77.Kf3 Rf4+
78.Kg3 Rb4 79.Rc3 Kf6 80.Kf3 Rh4 81.Kg3 Rh1 82.Kf4 Rf1+ 83.Rf3 Re1 84.Rc3 Re4+
85.Kf3 Kg5 86.Kg3 Re1 87.Rd3 Rg1+ 88.Kf2 Rh1 89.Kg3 f4+ 90.Kg2 Rh8 91.b4 Kg4
92.Rb3 Rc8 93.Rb2 f3+ 94.Kf2 Rh8 95.Ke3 Re8+ 96.Kd3 Kg3 97.b5 Re1 98.Kd4 Re2
99.Rb3 Kf4 100.b6 f2 101.b7 Re4+ 102.Kd5 Re5+ 103.Kc6 f1=Q 104.b8=Q Qc4+
105.Kd7 Qe6+ 106.Kc7 Qf7+ 107.Kc6 Qd5+ 108.Kc7 Qc5+ 109.Kd7 Kf5 110.Qb6 Rd5+
111.Ke8 Qc8+  0-1

[Event "11th Donau Open"]
[Site "Aschach AUT"]
[Date "2002.12.26"]
[Round "1"]
[White "Nussbaum,S"]
[Black "Orel,O"]
[Result "0-1"]
[WhiteElo "2098"]
[BlackElo "2322"]

1.e4 c5 2.Nf3 e6 3.d4 cxd4 4.Nxd4 a6 5.Nc3 b5 6.a3 Bb7 7.Bd3 d6 8.O-O Nd7
9.Kh1 Ngf6 10.f3 g6 11.Bg5 h6 12.Be3 Qc7 13.Qd2 Ne5 14.Be2 Nc4 15.Ndxb5 axb5
16.Nxb5 Qc6 17.Bxc4 Qxc4 18.Nxd6+ Bxd6 19.Qxd6 Nd7 20.Rfd1 Qc6 21.Qb4 Ra4
22.Qd6 Qxd6 23.Rxd6 Ra6 24.Rd2 Ke7 25.Rad1 Bc6 26.Bd4 Rc8 27.Bc3 Raa8 28.Bb4+ Ke8
29.b3 e5 30.c4 Nf8 31.Bxf8 Kxf8 32.Ra1 Rd8 33.Rxd8+ Rxd8 34.b4 Ba4 35.Kg1 Rd2
36.Rc1 Ke7 37.Kf1 Kd7 38.c5 Kc6 39.Kg1 g5 40.Kf1 h5 41.Re1 h4 42.h3 Ra2 43.Re3 Bb5+
44.Kg1 Ra1+ 45.Kh2 Rd1 46.Rc3 Ra1 47.Re3 Bf1 48.Kg1 Bd3+ 49.Kh2 Rxa3 50.g3 Ra2+
51.Kg1 Bc4 52.gxh4 gxh4 53.f4 Ra1+ 54.Kg2 Rb1 55.fxe5 Rxb4 56.Kf3 Kxc5 57.Kg4 Kd4
58.Re1 Kxe5 59.Kxh4 Rb3 60.Rh1 Be6 61.Ra1 Rxh3+ 62.Kg5 Rg3+ 63.Kh5 Kxe4 64.Kh4 Rg8
65.Ra4+ Ke5 66.Ra1 Bd5 67.Ra5 f5 68.Ra1 f4 69.Rf1 f3 70.Kh3 Kf4 71.Kh2 Rh8+
72.Kg1 Kg3  0-1

[Event "Open A"]
[Site "Bethune FRA"]
[Date "2002.12.26"]
[Round "1"]
[White "Sprenger,J"]
[Black "Houdart,D"]
[Result "1-0"]
[WhiteElo "2430"]
[BlackElo "2086"]

1.e4 c5 2.Nf3 e6 3.d4 cxd4 4.Nxd4 a6 5.Nc3 b5 6.Bd3 Qb6 7.Nf3 Qc7 8.O-O d6
9.a4 b4 10.Na2 a5 11.c3 bxc3 12.Nxc3 Bb7 13.Bf4 Nd7 14.Rc1 Rc8 15.Nb5 Qb8
16.Rxc8+ Bxc8 17.Bc4 Ne5 18.Nxe5 dxe5 19.Bd2 Qb6 20.Qe1 Qc6 21.Bxa5 Qxc4
22.Qd2 Bd7 23.Rc1 Qxe4 24.Rc8+ Ke7 25.Bd8+  1-0

[Event "Open"]
[Site "Robecchetto ITA"]
[Date "2002.12.27"]
[Round "3"]
[White "Moncelli,G"]
[Black "De Santis,A"]
[Result "0-1"]
[WhiteElo "2166"]
[BlackElo "2267"]

1.e4 c5 2.Nf3 e6 3.d4 cxd4 4.Nxd4 a6 5.Nc3 Qc7 6.Be2 Nf6 7.O-O h5 8.h3 Nc6
9.Nxc6 bxc6 10.Be3 Rb8 11.b3 Bb4 12.Qd3 d5 13.Bf3 Ng4 14.g3 Ne5 15.Bf4 Nxf3+
16.Qxf3 e5 17.Bd2 d4 18.Nb1 Bxh3 19.Re1 Be7 20.c3 c5 21.cxd4 cxd4 22.Rc1 Qb6
23.Qe2 Bg4 24.Qc4 h4 25.Qa4+ Bd7 26.Qa5 Qg6 27.Qxe5 Rb5 28.Qf4 Bg5 29.Qf3 hxg3
30.fxg3 Bh6 31.Qg2 Be3+  0-1

[Event "26th Christmas Open Masters"]
[Site "Zurich SUI"]
[Date "2002.12.29"]
[Round "5"]
[White "Bauer,Ch"]
[Black "Ciuksyte,D"]
[Result "0-1"]
[WhiteElo "2562"]
[BlackElo "2334"]

1.e4 c5 2.Nc3 e6 3.Nf3 a6 4.d4 cxd4 5.Nxd4 b5 6.Bd3 Qb6 7.Nf3 Nc6 8.O-O Nf6
9.e5 b4 10.Ne4 Ng4 11.Bf4 Qa5 12.Re1 Ngxe5 13.Nxe5 Nxe5 14.Qh5 Nc6 15.Ng5 g6
16.Qf3 Be7 17.h4 O-O 18.Qg3 Bb7 19.Ne4 e5 20.Bh6 d5 21.Ng5 e4 22.Bf1 Bf6
23.Bxf8 Rxf8 24.a3 Be5 25.Qe3 Bxb2 26.axb4 Qc7 27.Rab1 Bd4 28.Qd2 Ba7 29.c4 Ne5
30.c5 Bb8 31.f4 exf3 32.gxf3 h6 33.f4 Nc4 34.Bxc4 hxg5 35.Bf1 gxf4 36.Bg2 f3
37.Bxf3 Qg3+ 38.Qg2 Qxh4 39.Re2 Kg7 40.Qg4 Qf6 41.Rd1 Bf4 42.Bxd5 Rd8 43.Qg2 Qf5
44.Qe4 Rxd5 45.Rxd5 Bxd5 46.Qxf5 gxf5 47.Re7 Kf6 48.Ra7 Be3+ 49.Kh2 Bc4 50.Kg3 Be2
51.c6 f4+ 52.Kh4 Bf2+ 53.Kh3 Bxa7  0-1

[Event "TSGM Dec"]
[Site "Belgrade YUG"]
[Date "2002.12.30"]
[Round "10"]
[White "Weinzettl,E"]
[Black "Lopez Martinez,J"]
[Result "0-1"]
[WhiteElo "2354"]
[BlackElo "2437"]

1.e4 c5 2.Nf3 e6 3.Nc3 a6 4.d4 cxd4 5.Nxd4 b5 6.Bd3 Qb6 7.Be3 Bc5 8.Nce2 Nf6
9.c3 Qc7 10.a4 e5 11.Nf5 Bxe3 12.Nxe3 bxa4 13.Ng3 O-O 14.Rxa4 d6 15.O-O Nbd7
16.Rc4 Qb6 17.b4 g6 18.Bc2 Bb7 19.Ba4 Rad8 20.Qd2 Nb8 21.Nef5 Kh8 22.Qh6 Rg8
23.Qg5 Nfd7 24.Nh6 f6 25.Qh4 Rg7 26.Rd1 Rf8 27.Qh3 d5 28.exd5 f5 29.Qh4 Qd6
30.Qg5 Nb6 31.Rc6 Bxc6 32.dxc6 Qe7 33.Qxe7 Rxe7 34.Bb3 Kg7 35.Nf7 Rfxf7 36.Bxf7 Kxf7
37.Rd6 Rc7  0-1

[Event "9th Open"]
[Site "Bosnjaci CRO"]
[Date "2003.01.04"]
[Round "3"]
[White "Brkic,A"]
[Black "Ikica,A"]
[Result "1-0"]
[WhiteElo "2402"]
[BlackElo "2119"]

1.e4 c5 2.Nf3 e6 3.d4 a6 4.Nc3 cxd4 5.Nxd4 d6 6.Be3 Nd7 7.f3 b5 8.Qd2 Ngf6
9.g4 Ne5 10.O-O-O Qc7 11.h4 Nfd7 12.Qf2 Bb7 13.Kb1 Rb8 14.Bc1 Nc5 15.g5 b4
16.Nce2 Na4 17.h5 Bc8 18.Bh3 Nc3+ 19.bxc3 bxc3+ 20.Nb3 a5 21.Qd4 Rb4 22.Qxc3 Qxc3
23.Nxc3 a4 24.Ba3 Rc4 25.Nb5 axb3 26.axb3 Rc6 27.f4 Nd7 28.Nxd6+ Bxd6 29.Bxd6 h6
30.Bg2 Rc3 31.Rd3 Rxd3 32.cxd3 Ba6 33.Kc2 e5 34.gxh6 Rxh6 35.fxe5 Re6 36.d4 Rh6
37.Bf3 Nf8 38.Ra1 Ne6 39.Kc3 Ng5 40.Rxa6 Nxf3 41.Ra8+ Kd7 42.Ra7+ Ke8 43.Re7+ Kf8
44.Re6+ Kg8 45.Rxh6  1-0

[Event "38th Junior"]
[Site "Hallsberg SWE"]
[Date "2003.01.05"]
[Round "9"]
[White "Halldorsson,H"]
[Black "Nestorow,M"]
[Result "0-1"]
[WhiteElo "2168"]
[BlackElo "2050"]

1.e4 c5 2.Nf3 e6 3.d4 cxd4 4.Nxd4 a6 5.Nc3 Nc6 6.Be2 Qc7 7.Be3 Nf6 8.a3 Be7
9.f4 d6 10.g4 Nd7 11.g5 b5 12.Nxc6 Qxc6 13.Qd4 O-O 14.O-O-O Bb7 15.Rhf1 Nc5
16.Bf3 Rfc8 17.Rf2 a5 18.h4 Na6 19.f5 b4 20.Nb1 Nc5 21.Nd2 e5 22.Qd5 Qc7  0-1

[Event "9th Open"]
[Site "Bosnjaci CRO"]
[Date "2003.01.06"]
[Round "7"]
[White "Grgurevic,M"]
[Black "Goric,E"]
[Result "0-1"]
[WhiteElo "2172"]
[BlackElo "2315"]

1.e4 c5 2.Nf3 e6 3.d4 cxd4 4.Nxd4 a6 5.Nc3 Qb6 6.Nb3 Nc6 7.Be3 Qc7 8.Qd2 Nf6
9.f3 b5 10.a3 Be7 11.Be2 Ne5 12.Bf4 Nh5 13.Bg5 Bxg5 14.Qxg5 g6 15.O-O f6
16.Qc1 Nc4 17.f4 Ng7 18.Kh1 Bb7 19.Bf3 Rc8 20.Rb1 Nxa3 21.Ra1 Nc4 22.g3 O-O
23.Ra2 b4 24.Na4 d6 25.Rf2 f5 26.Qe1 a5 27.exf5 exf5 28.Nd2 d5 29.b3 Rfe8
30.Re2 Nxd2 31.Qxd2 d4 32.Bxb7 Qxb7+ 33.Kg1 Rxe2 34.Qxe2 Re8 35.Qf2 Qb5 36.Ra1 Re2
37.Qf1 d3 38.cxd3 Qxd3 39.Nc5 Qd4+ 40.Kh1 Qd5+  0-1

[Event "TCh-BEL 2002-3"]
[Site "Belgium BEL"]
[Date "2003.01.12"]
[Round "6"]
[White "Degraeve,JM"]
[Black "Chuchelov,V"]
[Result "1-0"]
[WhiteElo "2575"]
[BlackElo "2593"]

1.e4 c5 2.Nf3 e6 3.d4 cxd4 4.Nxd4 a6 5.Nc3 b5 6.Bd3 d6 7.O-O Nf6 8.f4 Bb7
9.Qf3 Nbd7 10.a3 g6 11.Kh1 Bg7 12.Bd2 O-O 13.Qh3 Nc5 14.Rae1 e5 15.Nf3 d5
16.fxe5 Nfxe4 17.Bxe4 dxe4 18.Ng5 h6 19.Be3 Rc8 20.e6 hxg5 21.exf7+ Rxf7
22.Rxf7 Kxf7 23.Rf1+ Kg8 24.Bxc5 g4 25.Qe3 Qc7 26.b4 Qe5 27.Ne2 Rd8 28.Nf4 Kh7
29.Qg3 Rd2 30.Qh4+ Bh6 31.Be3 g5 32.Qxg4 Rxc2 33.Qd7+ Bg7 34.Nh5 Rc7 35.Qh3 Kg8
36.Nxg7 Kxg7 37.Qg4 Kg6 38.h4 Rh7 39.Bxg5 Bc8 40.Qxc8 Qxg5 41.Qg8+  1-0

[Event "ch-IND"]
[Site "Mumbai IND"]
[Date "2003.01.22"]
[Round "7"]
[White "Saravanan,V"]
[Black "Soman,S"]
[Result "1/2-1/2"]
[WhiteElo "2357"]
[BlackElo "2364"]

1.e4 c5 2.Nf3 e6 3.d4 cxd4 4.Nxd4 a6 5.Nc3 Qc7 6.Bd3 Nc6 7.Be3 Nf6 8.O-O b5
9.Re1 Ne5 10.h3 Bb7 11.f4 Nc4 12.Bxc4 Qxc4 13.e5 Ne4 14.Qf3 Nc5 15.Qf2 b4
16.Nb3 bxc3 17.Nxc5 cxb2 18.Rab1 Bxc5 19.Bxc5 Rc8 20.Bd6 Qxc2 21.Rxb2 Qxf2+
22.Kxf2 Bc6 23.Rc1  1/2-1/2

[Event "ch-IND"]
[Site "Mumbai IND"]
[Date "2003.01.23"]
[Round "9"]
[White "Ramesh,R"]
[Black "Soman,S"]
[Result "1-0"]
[WhiteElo "2472"]
[BlackElo "2364"]

1.e4 c5 2.Nf3 e6 3.d4 cxd4 4.Nxd4 a6 5.Nc3 Qc7 6.Be2 Nf6 7.O-O Nc6 8.Be3 b5
9.Nxc6 dxc6 10.f4 b4 11.Na4 Rb8 12.Bf3 Be7 13.Rf2 O-O 14.c3 e5 15.f5 c5 16.cxb4 cxb4
17.Rc1 Qa5 18.b3 Rd8 19.Qe1 Bd7 20.Nc5 Be8 21.Rfc2 Bb5 22.a4 Be8 23.Qe2 Rd6
24.Nd3 Rdd8 25.Nb2 h6 26.Nc4 Qc7 27.Nb6 Qd6 28.Nc8 Rbxc8 29.Rxc8 Kh7 30.Rxd8 Bxd8
31.Rd1 Qc7 32.Qxa6 Be7 33.Rc1 Qd7 34.Qc4 Qd8 35.Kf2 Qa8 36.Qc8 Nxe4+ 37.Bxe4 Qxe4
38.Qxe8 Qxf5+ 39.Kg1 Qd3 40.Bf2 Bg5 41.Rf1 f6 42.Qe6 e4  1-0

[Event "ch-IND"]
[Site "Mumbai IND"]
[Date "2003.01.24"]
[Round "11"]
[White "Neelotpal,D"]
[Black "Soman,S"]
[Result "1-0"]
[WhiteElo "2406"]
[BlackElo "2364"]

1.e4 c5 2.Nf3 e6 3.d4 cxd4 4.Nxd4 a6 5.Nc3 Qc7 6.Bd3 Nf6 7.O-O Nc6 8.Nxc6 dxc6
9.f4 Bc5+ 10.Kh1 e5 11.f5 h5 12.Qf3 Ng4 13.Bg5 f6 14.Bd2 a5 15.a3 a4 16.Rae1 Bd7
17.Nd1 O-O-O 18.Ne3 Qb6 19.Nc4 Qa7 20.Re2 Kb8 21.Qg3 Rdg8 22.Ne3 g5 23.h3 Nh6
24.Bc4 Rg7 25.Be6 Qa6 26.Ree1 Re7 27.Bc3 h4 28.Qh2 Ng8 29.Bxe5+ Kc8 30.Bd6 Qb5
31.Bxe7 Nxe7 32.Bxd7+ Kxd7 33.Ng4 Rf8 34.e5 Nd5 35.exf6 Bd6 36.Ne5+ Kc7 37.c4  1-0

[Event "ch-IND"]
[Site "Mumbai IND"]
[Date "2003.01.26"]
[Round "14"]
[White "Thipsay,P"]
[Black "Prathamesh,S"]
[Result "1-0"]
[WhiteElo "2465"]
[BlackElo "2366"]

1.e4 c5 2.Nf3 e6 3.d4 cxd4 4.Nxd4 a6 5.Nc3 Qc7 6.Be2 Nf6 7.O-O Be7 8.f4 d6
9.Kh1 O-O 10.a4 Nc6 11.Be3 Bd7 12.Nb3 b6 13.Bf3 Rab8 14.Qe2 Bc8 15.Rad1 Nd7
16.Nd4 Nb4 17.Rd2 Re8 18.Qf2 Bf8 19.Qg3 Bb7 20.Re1 Nc6 21.Red1 Nxd4 22.Bxd4 e5
23.fxe5 Nxe5 24.Be2 Nd7 25.b3 Nc5 26.Bxc5 Qxc5 27.Bc4 Bxe4 28.Bxf7+ Kxf7
29.Nxe4 Qe5 30.Rf1+ Ke7 31.Qg4 h5 32.Qg6 Kd7 33.Qf7+ Re7 34.Nxd6 Kc6 35.Qf3+ Kc7
36.Nc4 Qc5 37.Rd5 Qb4 38.Qf4+  1-0

[Event "GMA"]
[Site "Bermuda BER"]
[Date "2003.01.27"]
[Round "3"]
[White "Volokitin,And"]
[Black "Markowski,T"]
[Result "0-1"]
[WhiteElo "2565"]
[BlackElo "2574"]

1.e4 c5 2.Nf3 e6 3.d4 cxd4 4.Nxd4 a6 5.Nc3 b5 6.Bd3 d6 7.O-O Nf6 8.Qe2 Be7
9.f4 Bb7 10.a4 b4 11.Nd1 Nbd7 12.Nf2 Nc5 13.a5 d5 14.e5 Nfe4 15.Be3 Qc7 16.Bxe4 Nxe4
17.Nxe4 dxe4 18.f5 Qxe5 19.fxe6 fxe6 20.Qg4 Bd5 21.c4 bxc3 22.bxc3 Rc8 23.Qd1 Bc5
24.Bf4 Qf6 25.Bd6 Qg5 26.Bxc5 Rxc5 27.Qb1 Ke7 28.Qb6 Rhc8 29.Rae1 e3 30.Nf3 Qf4
31.Qa7+ Qc7 32.Qxc7+ R8xc7 33.Rxe3 Rxc3 34.Re5 Bxf3 35.gxf3 R7c5 36.Rfe1 Rxe5
37.Rxe5 Rxf3 38.Rc5 Rf5 39.Rc2 Kf6  0-1

[Event "GMA"]
[Site "Bermuda BER"]
[Date "2003.01.30"]
[Round "6"]
[White "Svidler,P"]
[Black "Volokitin,And"]
[Result "1/2-1/2"]
[WhiteElo "2693"]
[BlackElo "2565"]

1.e4 c5 2.Nf3 e6 3.d4 cxd4 4.Nxd4 a6 5.Nc3 Qc7 6.Bd3 Bd6 7.Be3 Nf6 8.g4 h5
9.gxh5 Nxh5 10.Qd2 Nc6 11.Nxc6 bxc6 12.O-O-O Bf4 13.Ne2 Bxe3 14.Qxe3 Rb8
15.e5 Qb6 16.Qxb6 Rxb6 17.b3 c5  1/2-1/2

[Event "Gibraltar Masters"]
[Site "Catalan Bay ENG"]
[Date "2003.01.30"]
[Round "3"]
[White "Tiviakov,S"]
[Black "Korneev,O"]
[Result "1/2-1/2"]
[WhiteElo "2635"]
[BlackElo "2613"]

1.e4 c5 2.Nf3 e6 3.d4 cxd4 4.Nxd4 a6 5.Nc3 Qc7 6.Bd3 Nc6 7.Nxc6 dxc6 8.O-O e5
9.f4 Nf6 10.Kh1 Bc5 11.Qf3 Ng4 12.f5 h5 13.Bd2 Qe7 14.Qg3 Bd7 15.a3 g6 16.f6 Qd6
17.Qf3 Qd4  1/2-1/2

[Event "ch-IND"]
[Site "Mumbai IND"]
[Date "2003.01.30"]
[Round "20"]
[White "Saravanan,V"]
[Black "Prathamesh,S"]
[Result "1-0"]
[WhiteElo "2357"]
[BlackElo "2366"]

1.e4 c5 2.Nf3 e6 3.d4 cxd4 4.Nxd4 a6 5.Nc3 Qc7 6.Bd3 Nf6 7.O-O Nc6 8.Be3 Nxd4
9.Bxd4 Bc5 10.Bxc5 Qxc5 11.Kh1 b5 12.Qe1 d6 13.f4 b4 14.Na4 Qa5 15.b3 e5
16.Nb2 exf4 17.Nc4 Qc5 18.Nxd6+ Qxd6 19.e5 Qe7 20.exf6 Qxe1 21.Raxe1+ Kf8
22.Rxf4 a5 23.Bc4 Rg8 24.Re7 Be6 25.Bxe6 fxe6 26.Rc7 g5 27.Re4 Rd8 28.h3 Rd6
29.Re5 Rg6 30.Rxa5 Rd8 31.Rxh7 Rxf6 32.Rh8+  1-0

[Event "Gibraltar Masters"]
[Site "Catalan Bay ENG"]
[Date "2003.01.31"]
[Round "4"]
[White "Malinarski,Y"]
[Black "Sending,S"]
[Result "1-0"]
[WhiteElo "2199"]
[BlackElo "2119"]

1.e4 c5 2.Nf3 e6 3.d4 cxd4 4.Nxd4 a6 5.Nc3 Qc7 6.a3 Nf6 7.Be2 b5 8.O-O Bb7
9.Re1 b4 10.axb4 Bxb4 11.Bf3 Bxc3 12.bxc3 Qxc3 13.Rb1 Qc7 14.Ba3 Nc6 15.e5 Ng8
16.Re3 Na5 17.Bxb7 Nxb7 18.Reb3 Na5 19.Bd6  1-0

[Event "National I"]
[Site "Bischwiller FRA"]
[Date "2003.02.01"]
[Round "2"]
[White "Jansa,Vl"]
[Black "Bischoff,K"]
[Result "1/2-1/2"]
[WhiteElo "2504"]
[BlackElo "2564"]

1.e4 c5 2.Nf3 e6 3.Nc3 a6 4.d4 cxd4 5.Nxd4 d6 6.Bd3 Ne7 7.f4 Nec6 8.Nf3 Nd7
9.O-O Be7 10.Qe1 Nc5 11.Be3 Nxd3 12.cxd3 O-O 13.Rc1 Bd7 14.Na4 b5 15.Nb6 Rb8
16.Nxd7 Qxd7 17.Nd4 Rfc8 18.Nxc6 Rxc6 19.Rxc6 Qxc6 20.Qd2 Rc8 21.Rc1 Qxc1+
22.Qxc1 Rxc1+ 23.Bxc1 f5 24.Kf2 Kf7 25.Be3 Bf6 26.b3 g6 27.Ba7 Ke8  1/2-1/2

[Event "Gibraltar Masters"]
[Site "Catalan Bay ENG"]
[Date "2003.02.01"]
[Round "5"]
[White "Hamdouchi,H"]
[Black "Epishin,V"]
[Result "1/2-1/2"]
[WhiteElo "2615"]
[BlackElo "2626"]

1.e4 c5 2.Nf3 e6 3.d4 cxd4 4.Nxd4 a6 5.Nc3 b5 6.Bd3 Qb6 7.Nf3 Qc7 8.O-O Bb7
9.Re1 Be7 10.a3 d6 11.Bf4 Nd7 12.a4 bxa4 13.Nxa4 Ngf6 14.c4 O-O 15.b4 Rfd8
16.Qb3 h6 17.Rac1 g5 18.Bd2 Rab8 19.h4 Nh7 20.hxg5 hxg5 21.Bf1 Ba8 22.b5 Nc5
23.Nxc5 dxc5 24.Ra1 axb5 25.Ba5 bxc4 26.Qe3 Qd6 27.Bxd8 Rxd8 28.Bxc4 g4 29.Rxa8 Rxa8
30.e5 Qd8 31.Nh2 Ra4 32.Bd3 Qd4 33.Qg3 Qf4 34.Qxf4 Rxf4 35.Re4 Rxe4 36.Bxe4 f5
37.exf6 Nxf6 38.Bd3 g3  1/2-1/2

[Event "Gibraltar Masters"]
[Site "Catalan Bay ENG"]
[Date "2003.02.02"]
[Round "6"]
[White "Hamdouchi,H"]
[Black "Korneev,O"]
[Result "1/2-1/2"]
[WhiteElo "2615"]
[BlackElo "2613"]

1.e4 c5 2.Nf3 e6 3.d4 cxd4 4.Nxd4 a6 5.Nc3 Qc7 6.g3 Bb4 7.Nb3 Nf6 8.Bg2 O-O
9.O-O Bxc3 10.bxc3 d6 11.Qd3 Nc6 12.Ba3 Rd8 13.f4 b6 14.Rad1 Ne8 15.g4 Bb7
16.Qh3 Rac8 17.Rd3 e5 18.g5 exf4 19.Rxf4 Ne5 20.Rg3 Ng6 21.Rf5 Qc4 22.Qh5 Rc7
23.Bc1 Re7 24.Be3 Rxe4 25.Nd2 Qe6 26.Nxe4 Bxe4 27.Rf2 Ba8 28.Rh3  1/2-1/2

[Event "II Marcelo Salado Cup Gp B"]
[Site "Santa Clara CUB"]
[Date "2003.02.03"]
[Round "1"]
[White "Gonzalez Perez,A"]
[Black "Gil Hector,L"]
[Result "0-1"]
[WhiteElo "2087"]
[BlackElo "2237"]

1.e4 c5 2.Nc3 e6 3.Nf3 a6 4.d4 cxd4 5.Nxd4 b5 6.Bd3 Bb7 7.O-O d6 8.a3 Nf6
9.Be3 Be7 10.f4 Nbd7 11.Qf3 Nc5 12.b4 Nxd3 13.cxd3 O-O 14.g4 Nd7 15.g5 g6
16.Qh3 e5 17.Rf3 exf4 18.Bxf4 Ne5 19.Rg3 Qc8 20.Nd5 Bd8 21.Qh6 Ng4 22.Qh4 Bxd5
23.Rc1 Qd7 24.exd5 Bb6 25.Rxg4 Bxd4+ 26.Kh1 Qf5 27.Rg2 Qxd5 28.Qg3 Rac8 29.Rf1 Rc2
30.Qf3 Qxf3 31.Rxf3 Rxg2 32.Kxg2 Rd8 33.Rf1 Bb2 34.Bc1 Be5 35.Bf4 Rc8 36.Bxe5 dxe5
37.Rf6 Rc3 38.Rxa6 Rxd3 39.Ra5 e4 40.Rxb5 Rxa3 41.Re5 e3 42.Kf3 Rb3 43.Rxe3 Rxb4
44.Kg3 Kg7 45.Re5 h6 46.h4 Rb3+ 47.Kh2 Rb4 48.Kg3 h5 49.Ra5 Rb3+ 50.Kg2 Kf8
51.Ra7 Ke8 52.Rc7 Re3 53.Ra7 Re7 54.Ra6 Rd7 55.Kg3 Ke7 56.Rb6 Rd6 57.Rb7+ Ke6
58.Kh3 Rd3+ 59.Kg2 Rd7 60.Rb5 Rd4 61.Kg3 Rg4+ 62.Kh3 Rf4 63.Rb6+ Ke7 64.Rb7+ Kd6
65.Rb6+ Ke7 66.Rb7+ Kf8 67.Ra7 Kg7 68.Rb7 Rd4 69.Ra7 Kf8 70.Rb7 Ke8 71.Ra7 Rd7
72.Ra8+ Ke7 73.Ra6 Rd6  0-1

[Event "Tch-SWE 2002-3"]
[Site "Sweden SWE"]
[Date "2003.02.08"]
[Round "7"]
[White "Kinnmark,O"]
[Black "Niklasson,C"]
[Result "1/2-1/2"]
[WhiteElo "2364"]
[BlackElo "2375"]

1.e4 c5 2.Nf3 e6 3.Nc3 a6 4.d4 cxd4 5.Nxd4 Qc7 6.g3 Nf6 7.Bg2 Be7 8.O-O Nc6
9.h3 d6 10.Be3 O-O 11.a4 Rb8 12.Qe2 Bd7 13.Rfe1 Nxd4 14.Bxd4 Bc6 15.e5 Nd7
16.exd6 Qxd6 17.Bxc6 Qxc6 18.Rad1 Rfd8 19.Rd3 Nc5  1/2-1/2

[Event "Tch-SWE 2002-3"]
[Site "Sweden SWE"]
[Date "2003.02.08"]
[Round "7"]
[White "Sanden,S"]
[Black "Nordstrom,F"]
[Result "1-0"]
[WhiteElo "2315"]
[BlackElo "2176"]

1.e4 c5 2.Nf3 e6 3.d4 cxd4 4.Nxd4 a6 5.Nc3 Qc7 6.Bd3 Nc6 7.Nxc6 bxc6 8.O-O d5
9.Qe2 Bb7 10.b3 Nf6 11.Bb2 Be7 12.f4 O-O 13.Rae1 Rfe8 14.e5 Nd7 15.Nd1 f5
16.exf6 Bxf6 17.Qh5 Nf8 18.Bxf6 gxf6 19.Rf3 Re7 20.Qh4 Rf7 21.Nf2 Kh8 22.Ng4 f5
23.Ne5 Rg7 24.Rg3 Rxg3 25.hxg3 c5 26.g4 fxg4 27.Re3 c4 28.Rg3 cxd3 29.Rxg4 Qg7
30.Rxg7 Kxg7 31.Qe7+ Kg8 32.cxd3 Bc8 33.Qf7+  1-0

[Event "11th Aosta Open"]
[Site "Saint Vincent ITA"]
[Date "2003.02.09"]
[Round "2"]
[White "Papa,S"]
[Black "Rotstein,A"]
[Result "0-1"]
[WhiteElo "2356"]
[BlackElo "2544"]

1.e4 c5 2.Nf3 e6 3.d4 cxd4 4.Nxd4 a6 5.Nc3 Qc7 6.Bd3 Nf6 7.O-O d6 8.f4 Be7
9.Be3 Nc6 10.Kh1 O-O 11.Qe1 Bd7 12.Qg3 Rad8 13.Nf3 Nb4 14.e5 Nh5 15.Qf2 Nxd3
16.cxd3 Qb8 17.g4 dxe5 18.Ba7 Qa8 19.gxh5 Bc6 20.Bb6 Rxd3 21.Qe2 Rxf3 22.Rxf3 Bd8
23.Bxd8 b5 24.Rf1 Rxd8 25.fxe5 b4 26.Nd1 Rd4 27.Kg1 Bxf3 28.Rxf3 Qd5 29.Nf2 Qxa2
30.Rg3 h6 31.Qe3 Qd5 32.Nd3 Kf8 33.Rf3 Kg8 34.Kf2 a5 35.Rg3 Kf8 36.Rf3 Kg8
37.Rg3 Kf8 38.Rf3 Qc4 39.Rf4 Qc2+ 40.Qe2 Qxd3  0-1

[Event "11th Aosta Open"]
[Site "Saint Vincent ITA"]
[Date "2003.02.11"]
[Round "4"]
[White "Arizmendi Martinez,J"]
[Black "Friedrich,N"]
[Result "1-0"]
[WhiteElo "2520"]
[BlackElo "2294"]

1.e4 c5 2.Nc3 e6 3.Nf3 a6 4.d4 cxd4 5.Nxd4 Qc7 6.g3 Bb4 7.Bd2 Nc6 8.Nb3 Nf6
9.Bg2 Be7 10.O-O d6 11.f4 O-O 12.g4 Re8 13.g5 Nd7 14.Qh5 Bf8 15.Rf3 g6 16.Qh4 Bg7
17.Rh3 Nf8 18.a3 Ne7 19.Rd3 Bd7 20.Rd1 Rad8 21.Be3 Bc6 22.Qf2 Nc8 23.h4 b6
24.h5 Nd7 25.Nd4 Bb7 26.Nde2 b5 27.hxg6 fxg6 28.Bh3 Nf8 29.Ng3 Qc6 30.R1d2 Qc7
31.f5 exf5 32.exf5 Be5 33.f6 Ne6 34.Nd5 Bxd5 35.Rxd5 Kf7 36.c3 Qc4 37.Qf3 Nc7
38.R5d3 Qh4 39.Ne4 Bh2+ 40.Rxh2 Qxe4 41.Qxe4 Rxe4 42.Bg2  1-0

[Event "TCh-CZE 2002-3"]
[Site "Czech Rep CZE"]
[Date "2003.02.15"]
[Round "6"]
[White "Jansa,Vl"]
[Black "Babula,V"]
[Result "1-0"]
[WhiteElo "2504"]
[BlackElo "2581"]

1.e4 c5 2.Nf3 e6 3.d4 cxd4 4.Nxd4 a6 5.Nc3 b5 6.Bd3 Bb7 7.O-O Bc5 8.Nb3 Be7
9.Qe2 b4 10.Nd1 Nc6 11.f4 d6 12.a3 Nf6 13.axb4 Nxb4 14.Na5 O-O 15.Nc3 Qc7
16.Kh1 Nd7 17.Be3 Rab8 18.Bc4 Bf6 19.Nxb7 Rxb7 20.Bb3 Bxc3 21.bxc3 Qxc3 22.Rad1 Qc6
23.f5 Qxe4 24.Rf4 Qe5 25.Qf3 d5 26.Bd4 Qd6 27.f6 e5 28.fxg7 Rc8 29.Rxf7 exd4
30.Rf1 Rbb8 31.Qg4 Qg6 32.Qxd7  1-0

[Event "11th Aosta Open"]
[Site "Saint Vincent ITA"]
[Date "2003.02.15"]
[Round "8"]
[White "Saldano,H"]
[Black "Friedrich,N"]
[Result "1-0"]
[WhiteElo "2442"]
[BlackElo "2294"]

1.e4 c5 2.Nf3 e6 3.d4 cxd4 4.Nxd4 a6 5.Nc3 Qc7 6.Be2 Nf6 7.O-O Nc6 8.Be3 Be7
9.f4 d6 10.Qe1 O-O 11.Qg3 Bd7 12.e5 dxe5 13.fxe5 Nxe5 14.Bf4 Bd6 15.Rad1 Qb8
16.Rd3 Ne8 17.Ne4 Bc7 18.Rc3 f6 19.Nc5 Nc6 20.Nxc6 Bxc6 21.Nxe6 Bxf4 22.Rxf4 Rf7
23.Bc4 Kh8 24.Ng5 Re7 25.Qh4 h6 26.Nf7+ Kh7 27.Bd3+ Kg8 28.Nxh6+ gxh6 29.Bc4+ Kh7
30.Rg3 Ng7 31.Rxf6 Nh5 32.Rxh6+ Kxh6 33.Qg5+  1-0

[Event "11th Aosta Open"]
[Site "Saint Vincent ITA"]
[Date "2003.02.16"]
[Round "9"]
[White "Valenti,G"]
[Black "Paehtz,E"]
[Result "0-1"]
[WhiteElo "2230"]
[BlackElo "2384"]

1.e4 c5 2.Nf3 e6 3.d4 cxd4 4.Nxd4 a6 5.Nc3 b5 6.Bd3 Qc7 7.O-O Bb7 8.Kh1 Nc6
9.Nxc6 Qxc6 10.Re1 Bc5 11.Be3 Nf6 12.Bxc5 Qxc5 13.e5 Qxf2 14.Rg1 b4 15.exf6 bxc3
16.fxg7 Rg8 17.Qg4 Qf6 18.Qb4 Bc6 19.bxc3 Qxg7 20.Be4 a5 21.Qc4 Qg4 22.Rae1 f5
23.Bd5 Qxc4 24.Bxc4 Ke7 25.Re2 Rg5 26.Rf1 Rag8 27.Rff2 Kf6 28.Rd2 Rg4 29.Bd3 Ra4  0-1

[Event "ch-RUS w 1st League"]
[Site "Serpukhov RUS"]
[Date "2003.02.22"]
[Round "3"]
[White "Komiagina,M"]
[Black "Shadrina,T"]
[Result "0-1"]
[WhiteElo "2214"]
[BlackElo "2342"]

1.e4 c5 2.Nf3 e6 3.d4 cxd4 4.Nxd4 a6 5.Nc3 b5 6.Bd3 Bc5 7.Nb3 Be7 8.O-O d6
9.Qe2 Nf6 10.f4 Bb7 11.e5 Nd5 12.Nxd5 Bxd5 13.Qg4 Qb6+ 14.Kh1 Nd7 15.Bd2 O-O
16.Rae1 g6 17.Ba5 Qb7 18.Bb4 Rfe8 19.exd6 Bf6 20.Na5 Qb6 21.Qg3 Bg7 22.Rd1 Rac8
23.f5 Be5 24.Qg4 exf5 25.Bxf5 Be6 26.Bxe6 Rxe6 27.Qf3 Rf6 28.Qd3 Rf2 29.Rxf2 Qxf2
30.Rf1 Qh4 31.Qh3 Qxh3 32.gxh3 Rxc2 33.Re1 Rxh2+ 34.Kg1 Rxb2 35.Nc6 f6 36.a3 Rc2
37.Nxe5 fxe5 38.Rf1 Rc6 39.Re1 Kf7 40.Rd1 Ke6 41.Kf2 a5 42.Bxa5 Rxd6 43.Rxd6+ Kxd6
44.Ke3 Kd5  0-1

[Event "ch-CZE b18+20"]
[Site "Lahucovice CZE"]
[Date "2003.02.23"]
[Round "5"]
[White "Cernousek,L"]
[Black "Adamek,J"]
[Result "1-0"]
[WhiteElo "2310"]
[BlackElo "2229"]

1.e4 c5 2.Nf3 e6 3.d4 cxd4 4.Nxd4 a6 5.Nc3 Qc7 6.Bd3 Nf6 7.O-O Nc6 8.Be3 Be7
9.Kh1 Ne5 10.f4 Nc4 11.Bxc4 Qxc4 12.a4 d6 13.Qf3 Nd7 14.a5 Qc7 15.Bd2 b6
16.axb6 Qxb6 17.Nb3 Rb8 18.Na4 Qc7 19.Na5 Bf6 20.c4 Nb6 21.e5 dxe5 22.Qc6+ Qxc6
23.Nxc6 Rb7 24.Na5 Rb8 25.fxe5 Bxe5 26.Nc6 Nxc4 27.Nxb8 Bxb8 28.Rfc1 Nd6
29.Bf4 Ke7 30.Nc5 f6 31.Nxa6 Bd7 32.Nxb8 Rxb8 33.Bxd6+ Kxd6 34.Rd1+ Ke7 35.Ra7 Rd8
36.b4 Ke8 37.Rb7 g5 38.b5 h5 39.b6 Bc6 40.Rxd8+ Kxd8 41.Rf7 Ke8 42.Rc7 Bd5
43.b7  1-0

[Event "6th Open"]
[Site "Malaga ESP"]
[Date "2003.02.23"]
[Round "3"]
[White "Tiviakov,S"]
[Black "Perez Candelario,M"]
[Result "1-0"]
[WhiteElo "2635"]
[BlackElo "2404"]

1.e4 c5 2.Nc3 e6 3.Nf3 a6 4.d4 cxd4 5.Nxd4 b5 6.Bd3 Bb7 7.O-O Nc6 8.Nxc6 Bxc6
9.Re1 Qb8 10.a4 b4 11.Nd5 Bd6 12.Qh5 Bxd5 13.exd5 Nf6 14.Qg5 Kf8 15.dxe6 dxe6
16.Qh4 Ke7 17.a5 Rc8 18.Bd2 b3 19.Bc3 bxc2 20.Bxc2 Qb5 21.Rad1 Rc4 22.Qh3 Ng4
23.Rxd6 Kxd6 24.Bd3 Rxc3 25.bxc3 Qg5 26.Qg3+ Ke7 27.Be2 Qd2 28.Kf1 h5 29.h3 Rc8
30.Rd1  1-0